000 00685nam a2200205 i 4500
001 27430
003 ES-MaACL
005 20230906153621.0
007 t|
008 030114s1955 es ||||1| spa d
100 1 _aAyala, Juan Antonio.
_924119
245 1 0 _aCifra de humanidad
_b: (ensayos críticos) /
_cJuan Antonio Ayala.
260 _aSan Salvador :
_bMinisterio de Cultura, Departamento Editorial,
_c[1955]
300 _a133 p. ;
_c18 cm.
490 1 _aContemporáneos ;
_v3
710 1 _aEl Salvador.
_bMinisterio de Cultura.
_bDepartamento Editorial.
_9180981
830 0 _aContemporáneos ;
_v3
_9182257
852 _aES-MaACL
_jC-13987
_bR.41918
999 _c27430
_d27430